000 00339nam a2200121Ia 4500
005 20251222144652.0
008 251222s9999||||xx |||||||||||||| ||spa||
082 _a980.01/S21/T.I
100 _aSanz, Eufemio Lorenzo
245 0 _aLos Castellanos y Leoneses en la Empresa de las Indias
264 _bJunta de Castilla y León
942 _cLIB
999 _c17088
_d17088